| 000 | 01234cai a22001935a 4500 | ||
|---|---|---|---|
| 001 | L137599 | ||
| 008 | 070418u xxk g 000 0 eng d | ||
| 035 | _a(Sirsi) u137599 | ||
| 041 | 0 | _aeng | |
| 110 | 2 |
_aCITB-ConstructionSkills _94992 |
|
| 245 | 0 | 0 |
_aCDM regulations _h[electronic resource] |
| 520 | _aProvides industry produced guidance on the Construction (Design and Management) Regulations 2007, which is classified as an established standard by the HSE. The guidance is structured by duty holder and covers clients, CDM-co-ordinators, designers, principal contractor, contractor and worker. The website also links to the 2007 Regulations, and tabulates key changes between the 2007 Regulations and the Construction (Design and Management) Regulations 1994. | ||
| 590 | _aKA NTK | ||
| 650 | 2 | 4 | _aCONSTRUCTION (DESIGN AND MANAGEMENT) REGULATIONS 2007 |
| 651 | 4 |
_aGreat Britain _y1707- |
|
| 690 | _aBUILT ENVIRONMENT-CONSTRUCTION MANAGEMENT-CONSTRUCTION DESIGN AND MANAGEMENT | ||
| 856 | 4 | 0 |
_uhttps://www.citb.co.uk/health-safety-and-other-topics/health-safety/construction-design-and-management-regulations/construction-design-and-management-regulations-2007/ _zView the website free of charge at www.citb.co.uk... |
| 942 | _n0 | ||
| 999 |
_c120592 _d120592 |
||